Obálka Náhled e-knihy:
Epub
Pro půjčování e-knih musíte být přihlášeni.
Jak si půjčit online?

Aplikovaná psychologie architektury - Kniha I. /

Aplikovaná psychologie architektury Kniha I. Utajený svět architektů Druhé vydání první knihy, která definovala obor aplikované psychologie architektury, otevírá dveře do světa, který zůstává běžně skrytý za výkresy a realizovanými stavbami. Autor čtenáře provází osobní cestou od studenta architektu...

Celý popis

Uloženo v:
Série:Aplikovaná psychologie architektury, část 1
Hlavní autor: Smejkal, Karel (Autor)
Médium: E-kniha
Jazyk:Czech
Vydáno: Praha : Concept 42, 2026
Příbuzné jednotky:Z cyklu:: Aplikovaná psychologie architektury
Tagy:
Žádné tagy
LEADER 02514nam a22002417i 4500
001 301508
007 ta
008 260430s2026 xr ||||| |||| 00| 0 cze d
020 |a 9788088059295 
044 |a xr 
100 1 |a  Smejkal, Karel  |4 aut 
245 1 0 |a Aplikovaná psychologie architektury - Kniha I. /  |c  Smejkal, Karel 
264 1 |a Praha :  |b Concept 42,  |c 2026 
300 |a 1 online zdroj (196 stran) 
336 |a text  |b txt  |2 rdacontent 
337 |a bez média  |b n  |2 rdamedia 
338 |a online zdroj  |b cr  |2 rdacarrier 
520 2 |a Aplikovaná psychologie architektury Kniha I. Utajený svět architektů Druhé vydání první knihy, která definovala obor aplikované psychologie architektury, otevírá dveře do světa, který zůstává běžně skrytý za výkresy a realizovanými stavbami. Autor čtenáře provází osobní cestou od studenta architektury až k založení nového oboru, který propojuje architekturu a psychologii. Ukazuje, že architektura není jen technickým či estetickým výsledkem, ale především odrazem osobnosti, myšlení a vnitřních motivací tvůrce. Kniha přináší originální výzkumy zaměřené na temperament, typologii a „skrytý rukopis“ architektů, stejně jako nové pohledy na vztah mezi architektem a klientem. Je určena nejen architektům a studentům, ale i investorům a všem, kdo chtějí porozumět tomu, co se skutečně odehrává v pozadí architektonické tvorby. Co v knize najdete: ·  vznik a vývoj aplikované psychologie architektury ·  originální hypotézy o fungování architektonické komunity ·  výsledky výzkumů, mimo jiné: rozložení temperamentu mezi architekty, typologické zaměření architektů, „skrytý rukopis“ v architektonické tvorbě, přístup ke klientům podle osobnostního typu, vliv vzdělání na architektonické preference ·  inovativní metodiky včetně hry „Najdi si svého architekta“ ·  koncept psychologického auditu architektonického ateliéru 
787 0 8 |g 1  |i Z cyklu:  |t Aplikovaná psychologie architektury 
910 |a RBIT002 
998 |d 426534  |a https://core.palmknihy.cz/api/books/426534/cover?te7h4s  |b https://core.palmknihy.cz/api/books/426534/cover/400?te7h4s  |c https://core.palmknihy.cz/api/books/426534/cover/50?te7h4s  |e 2030-12-31  |g 196  |i 9788088059295  |j https://core.palmknihy.cz/api/books/426534/preview.epub  |l   |q 49  |r 1  |s https://www.palmknihy.cz/kniha/426534  |t ebook  |y 2026  |z 1  |v Aplikovaná psychologie architektury  |w 1 
999 |d 301506